000 01208cam a2200289 a 4500
001 78663
003 BD-RjUL
005 20211209083146.0
008 070730s20011380ir 000 0 peroc
020 _a9646278809 :
035 _a(BD-RjUL)78889
040 _aCGU
_cCGU
_dCSt
_dDLC-R
_dDLC
_beng
041 0 _aper
_beng
042 _apcc
082 _223
_a891.5511
_bFIS 2001
100 0 _aFirdawsī.
_9249436
245 1 0 _aشاهنامۀ فردوسى : / = Shāhnāmah-ye Firdawsī :
_barabic version /
_c تحرىر عربى از فتح بن على بندارى اصفهانى ؛ ترجمۀ عبد المحمد آىتى. بنداري، الفتح بن علي،, آيتي، عبد المحمدby Fath ibn 'Ali bundari Isfahani ; transleted into persian by Abdulmuhammad Ayati
246 3 1 _aShāhnāmah-ʼi Landan
246 1 5 _aShāhnāma
250 _aChāp-i 1.
260 _aTehrān :
_bانجمن آثار و مفاخر فرهنگى=Society for the appreciations of cultural works and dignitaries
_c2001.
300 _a651 p. ;
_c23 cm.
490 0 _aGanjīnah-ʼi nuskhahʹbargardān-i mutūn-i Fārsī ;
_v4
942 _2ddc
_cBK
999 _c78663
_d78663